| 000 | 00473nam a2200169Ia 4500 | ||
|---|---|---|---|
| 003 | OSt | ||
| 005 | 20200623103817.0 | ||
| 008 | 190216s9999||||xx |||||||||||||| ||und|| | ||
| 040 | _coclc | ||
| 082 |
_a954 _bMAH/M |
||
| 100 |
_a Mahajan, Vidya Dhar _91752 |
||
| 245 | 0 |
_aMuslim Rule In India / _cVidya Dhar Mahajan |
|
| 250 | _a6th Ed. | ||
| 260 |
_bS Chand & Co, _c1975. _aNew Delhi: |
||
| 300 | _a340p | ||
| 942 |
_cBK _2ddc _h954 _iMAH/M _k954 _mMAH/M |
||
| 999 |
_c19090 _d19090 |
||